[Event "Titled Tue 1st Jul Early"]
[Site "chess.com INT"]
[Date "2025.07.01"]
[Round "11"]
[White "Roebers, Jan"]
[Black "Hrebenshchykova, Yelyzaveta"]
[Result "0-1"]
[WhiteTitle "FM"]
[BlackTitle "WIM"]
[WhiteElo "2030"]
[BlackElo "2265"]
[WhiteFideId "1007815"]
[BlackFideId "14159899"]
[EventDate "2025.07.01"]

1. e4 c5 2. d4 cxd4 3. c3 d5 4. exd5 Qxd5 5. cxd4 Nf6 6. Nc3 Qd6 7. Nf3 e6 8.
Be2 Be7 9. O-O O-O 10. Bg5 Nc6 11. Rc1 h6 12. Be3 a6 13. Bd3 b5 14. a3 Bb7 15.
Bb1 Rfd8 16. Qd3 Bf8 17. Rfd1 g6 18. Qd2 Kh7 19. Bf4 Qd7 20. Ne5 Nxe5 21. Bxe5
Bg7 22. Qf4 Nd5 23. Nxd5 Qxd5 24. f3 Rd7 25. Bxg7 Kxg7 26. Be4 Qg5 27. Qxg5 hxg5
28. Bxb7 Rxb7 29. d5 exd5 30. Rxd5 f6 31. Rcd1 Re8 32. Rd7+ Re7 33. Rxb7 Rxb7
34. Rd6 Rc7 35. Rd2 Kf7 36. Kf2 Ke6 37. h3 f5 38. Ke3 Ke5 39. Kd3 Rd7+ 40. Ke2
Rxd2+ 41. Kxd2 Kd4 42. b3 a5 43. g3 a4 44. bxa4 bxa4 45. g4 f4 46. Kc2 Ke3 47.
Kc3 Kxf3 48. Kb4 Kg3 49. Kxa4 f3 0-1

[Event "Titled Tue 1st Jul Early"]
[Site "chess.com INT"]
[Date "2025.07.01"]
[Round "11"]
[White "Rabin, Evan"]
[Black "Le, Minh Tu"]
[Result "1-0"]
[BlackTitle "FM"]
[WhiteElo "1945"]
[BlackElo "1932"]
[WhiteFideId "2028670"]
[BlackFideId "12404888"]
[EventDate "2025.07.01"]

1. e4 e6 2. d4 d5 3. Nd2 c5 4. exd5 exd5 5. Ngf3 Nf6 6. Bb5+ Nc6 7. O-O Be7 8.
dxc5 Bxc5 9. Nb3 Be7 10. Re1 O-O 11. Bg5 h6 12. Bh4 a6 13. Bd3 Bg4 14. h3 Bd7
15. c3 Re8 16. Bc2 Be6 17. Qd3 Ne4 18. Bxe7 Nxe7 19. Nbd4 Nf5 20. Rad1 Qf6 21.
Nxf5 Qxf5 22. Qe3 Qh5 23. Bxe4 dxe4 24. Qxe4 Bxh3 25. Qxe8+ Rxe8 26. Rxe8+ Kh7
27. Rdd8 Bxg2 28. Rh8+ Kg6 29. Rd6+ f6 30. Kxg2 Qg4+ 31. Kf1 Qxf3 32. Rhd8 h5
33. Rd3 Qf5 34. R8d7 Kh7 35. R3d4 Qg5 36. Rxb7 h4 37. Rdd7 Qc1+ 38. Kg2 Qg5+ 39.
Kf1 Qc1+ 40. Ke2 Qg5 41. Rxg7+ Qxg7 42. Rxg7+ Kxg7 43. Kf3 Kf7 44. Kg4 Ke6 45.
Kxh4 Ke5 46. Kg3 Ke4 47. c4 Kd4 48. b3 a5 49. Kf4 Kc3 50. c5 1-0

[Event "Titled Tue 1st Jul Early"]
[Site "chess.com INT"]
[Date "2025.07.01"]
[Round "11"]
[White "Palomo, Franklin Annervys"]
[Black "Zhou, Yuxu"]
[Result "1-0"]
[WhiteTitle "FM"]
[BlackTitle "CM"]
[WhiteElo "2243"]
[BlackElo "2197"]
[WhiteFideId "3906965"]
[BlackFideId "8626421"]
[EventDate "2025.07.01"]

1. Nf3 d5 2. c4 e6 3. e3 Nf6 4. Qc2 c5 5. a3 d4 6. exd4 cxd4 7. d3 a5 8. Nbd2
Nc6 9. g3 Be7 10. Bg2 O-O 11. O-O h6 12. Re1 Nd7 13. b3 e5 14. Rb1 f6 15. Nh4
Nc5 16. b4 axb4 17. axb4 Na4 18. b5 Nb4 19. Qb3 Nc3 20. c5+ Kh7 21. Qxb4 Nxb1
22. Qxb1 f5 23. Nhf3 Bxc5 24. Nxe5 Re8 25. Ndc4 Be6 26. Bxb7 Ra4 27. Bd2 Bd5 28.
Bc6 Bxc6 29. bxc6 Qd5 30. Qb7 Bd6 31. Qd7 Re6 32. c7 Ra8 33. c8=Q Rxc8 34. Qxc8
Bxe5 35. Nxe5 Rxe5 36. Rxe5 Qxe5 37. Qc4 Qe2 38. Bf4 g5 39. Qf7+ Kh8 40. Bd6 g4
41. Qxf5 Kg8 42. Be5 1-0

[Event "Titled Tue 1st Jul Early"]
[Site "chess.com INT"]
[Date "2025.07.01"]
[Round "11"]
[White "Baturin-Vinogradov, Miroslav"]
[Black "Zong, Davis"]
[Result "0-1"]
[WhiteTitle "CM"]
[BlackTitle "FM"]
[WhiteElo "2066"]
[BlackElo "2242"]
[WhiteFideId "55745741"]
[BlackFideId "30903955"]
[EventDate "2025.07.01"]

1. e4 e5 2. Nf3 Nc6 3. Bb5 a6 4. Ba4 Nf6 5. O-O Nxe4 6. Re1 Nc5 7. Nxe5 Nxe5 8.
Rxe5+ Be7 9. Bb3 Nxb3 10. axb3 O-O 11. Nc3 c6 12. d4 d5 13. Re1 Bd6 14. Ne2 Bg4
15. h3 Bh5 16. Qd2 Re8 17. Nf4 Bxf4 18. Rxe8+ Qxe8 19. Qxf4 Qe1+ 20. Kh2 Re8 21.
Ra4 h6 22. Be3 Bg6 23. c3 Qd1 24. Rb4 b5 25. Qc7 Qe2 26. Qxc6 Rxe3 27. fxe3 Be4
28. Qc8+ Kh7 29. Qg4 Qxe3 30. Qg3 Qe2 31. Qg4 Qd3 32. Qf4 a5 33. Rxb5 Qxb5 34.
c4 Qxb3 35. c5 Qxb2 36. Qg3 Qc2 0-1

[Event "Titled Tue 1st Jul Early"]
[Site "chess.com INT"]
[Date "2025.07.01"]
[Round "11"]
[White "Guliev, Gasan"]
[Black "Oviedo Acosta, Paula"]
[Result "1/2-1/2"]
[WhiteTitle "CM"]
[BlackTitle "WFM"]
[WhiteElo "2123"]
[BlackElo "1928"]
[WhiteFideId "34165638"]
[BlackFideId "3704394"]
[EventDate "2025.07.01"]

1. b3 e5 2. Bb2 Nc6 3. e3 d5 4. Bb5 Bd6 5. Ne2 Nf6 6. O-O O-O 7. Bxc6 bxc6 8. h3
a5 9. a4 Qe7 10. d3 e4 11. Nd4 Qe5 12. f4 exf3 13. Qxf3 c5 14. Nd2 cxd4 15. Bxd4
Qe7 16. e4 Bb7 17. Bxf6 Qxf6 18. Qxf6 gxf6 19. Rae1 Bb4 20. Re2 Bxd2 21. Rxd2
dxe4 22. dxe4 Bxe4 23. Rxf6 Rad8 24. Rxd8 Rxd8 25. Ra6 Bxc2 26. Rxa5 Bxb3 27.
Rc5 Bxa4 28. Rxc7 Rd2 29. Rc4 Bd7 30. Kh2 Be6 31. Rc3 h5 32. Rg3+ Kh7 33. Rg5
Kh6 34. h4 Bg4 35. Kg3 f6 36. Rc5 Kg6 37. Rc3 Bf5 38. Rc4 Bd3 39. Rd4 Rd1 40.
Kf2 Bc2 41. Rc4 Rd2+ 42. Kf3 Bb3 43. Rc3 Bd5+ 44. Kf4 Rxg2 45. Rd3 Rg4+ 46. Ke3
Rg3+ 47. Kf4 Rxd3 1/2-1/2

[Event "Titled Tue 1st Jul Early"]
[Site "chess.com INT"]
[Date "2025.07.01"]
[Round "11"]
[White "Novikova, Anna"]
[Black "Gutman, Gennadi"]
[Result "0-1"]
[WhiteTitle "WIM"]
[BlackTitle "GM"]
[WhiteElo "2179"]
[BlackElo "2445"]
[WhiteFideId "4146794"]
[BlackFideId "14102277"]
[EventDate "2025.07.01"]

1. e4 c6 2. d4 d5 3. Nc3 dxe4 4. Nxe4 Nf6 5. Nxf6+ exf6 6. c3 Bd6 7. Bd3 O-O 8.
Qc2 Re8+ 9. Ne2 h5 10. O-O h4 11. Nf4 Nd7 12. Nh5 Qa5 13. Nf4 Nf8 14. Bd2 Qc7
15. Nh5 Bxh2+ 16. Kh1 Bg4 17. g3 hxg3 18. fxg3 Bxg3 19. Nxg7 Kxg7 20. Kg2 Ng6
21. Rh1 Nh4+ 22. Kf1 Qd6 23. Qc1 Qd5 24. Bh6+ Kg8 25. Qc2 Qf3+ 0-1

[Event "Titled Tue 1st Jul Early"]
[Site "chess.com INT"]
[Date "2025.07.01"]
[Round "11"]
[White "Panda, Sambit"]
[Black "Gharibyan, Mamikon"]
[Result "0-1"]
[WhiteTitle "IM"]
[BlackTitle "GM"]
[WhiteElo "2379"]
[BlackElo "2495"]
[WhiteFideId "25091794"]
[BlackFideId "13308300"]
[EventDate "2025.07.01"]

1. d4 Nf6 2. c4 e6 3. Nc3 Bb4 4. e3 O-O 5. Bd3 d5 6. a3 Bxc3+ 7. bxc3 dxc4 8.
Bxc4 c5 9. Ne2 Qc7 10. Ba2 e5 11. Bb2 Rd8 12. O-O Nc6 13. d5 c4 14. Bxc4 Ne7 15.
Ba2 Nexd5 16. Qc2 Be6 17. c4 Rac8 18. Nc3 Nxc3 19. Qxc3 Nd7 20. f4 f6 21. Rac1
exf4 22. exf4 Nc5 23. Rf3 a5 24. Qe3 Re8 25. Qd2 Rcd8 26. Qc2 Bg4 27. Rg3 Re2
28. Qc3 Ne4 29. Qb3 Qc5+ 0-1

[Event "Titled Tue 1st Jul Early"]
[Site "chess.com INT"]
[Date "2025.07.01"]
[Round "11"]
[White "Punin, Andrii"]
[Black "Vokhidov, Shamsiddin"]
[Result "0-1"]
[WhiteTitle "FM"]
[BlackTitle "GM"]
[WhiteElo "2289"]
[BlackElo "2650"]
[WhiteFideId "14112639"]
[BlackFideId "14204223"]
[EventDate "2025.07.01"]

1. Nf3 Nf6 2. c4 e6 3. g3 d5 4. Bg2 Be7 5. d4 O-O 6. Nc3 c6 7. O-O Nbd7 8. b3 b6
9. Bb2 a5 10. Nd2 Ba6 11. e4 dxc4 12. bxc4 e5 13. Ne2 Qc7 14. Qc2 Rad8 15. h3
Rfe8 16. Kh2 exd4 17. Nxd4 Ne5 18. f4 Neg4+ 19. hxg4 Nxg4+ 20. Kh3 Ne3 21. Qc3
Qd7+ 22. Kh2 Nxf1+ 23. Nxf1 Bb4 24. Qc2 Bc5 25. Rd1 Qg4 26. Bf3 Qg6 27. Nf5 Bc8
28. Nxg7 Bg4 29. Bxg4 Qxg4 30. Rxd8 Rxd8 31. Nf5 Qd1 32. Qc3 Qe2+ 33. Kh3 Qxf1+
34. Kh4 Qh1+ 35. Kg5 Bd4 36. Nxd4 h6+ 37. Kg4 h5+ 38. Kg5 Qh3 39. Qf3 Rd6 40.
Nf5 Rg6# 0-1

[Event "Titled Tue 1st Jul Early"]
[Site "chess.com INT"]
[Date "2025.07.01"]
[Round "11"]
[White "Brancaleoni, Maurizio"]
[Black "Nikulina, Alena"]
[Result "1-0"]
[WhiteTitle "FM"]
[BlackTitle "WFM"]
[WhiteElo "2185"]
[BlackElo "1875"]
[WhiteFideId "803022"]
[BlackFideId "4172051"]
[EventDate "2025.07.01"]

1. Nf3 d5 2. d4 Nf6 3. c4 dxc4 4. e3 a6 5. Bxc4 e6 6. O-O Be7 7. b3 b5 8. Be2
Nbd7 9. a4 b4 10. Nbd2 Bb7 11. Bb2 O-O 12. Nc4 a5 13. Rc1 c5 14. Nce5 Rc8 15.
Bb5 Nxe5 16. dxe5 Nd5 17. Qd2 f6 18. Rfd1 fxe5 19. Nxe5 Bh4 20. g3 Bf6 21. Bd7
Qe7 22. Bxc8 Rxc8 23. e4 Nc3 24. Bxc3 bxc3 25. Qxc3 Bxe4 26. Rd7 Qxd7 27. Nxd7
Bxc3 28. Rxc3 Bd5 29. Nxc5 Bxb3 30. Rxb3 Rxc5 31. Rb5 Rc2 32. Rxa5 Ra2 33. Ra7
h6 34. h4 Kh7 35. h5 e5 36. a5 e4 37. a6 Ra3 38. Ra8 e3 39. fxe3 Rxe3 40. Kf2
Ra3 41. g4 Ra1 42. Ke3 Ra4 43. Kd3 Ra3+ 44. Kc4 Ra4+ 45. Kb5 Ra1 46. Rc8 Ra2 47.
Rc4 Rb2+ 48. Rb4 Ra2 49. Ra4 Rb2+ 50. Kc6 Rb8 51. a7 Ra8 52. Kb7 1-0

[Event "Titled Tue 1st Jul Early"]
[Site "chess.com INT"]
[Date "2025.07.01"]
[Round "11"]
[White "Gulamirian, Korun"]
[Black "Montano Vicente, Guadalupe"]
[Result "1-0"]
[WhiteTitle "CM"]
[WhiteElo "1890"]
[BlackElo "1940"]
[WhiteFideId "4144899"]
[BlackFideId "5181399"]
[EventDate "2025.07.01"]

1. d4 Nf6 2. Nf3 b6 3. g3 Bb7 4. Bg2 e6 5. O-O c5 6. c4 cxd4 7. Qxd4 Nc6 8. Qd3
Nb4 9. Qb3 Be7 10. Nc3 O-O 11. Bf4 d5 12. Rfd1 dxc4 13. Qxc4 Qc8 14. Qxc8 Raxc8
15. a3 Nbd5 16. Nxd5 Bxd5 17. Rac1 h6 18. Nd4 Bc5 19. Nb5 a6 20. Nd6 Bxd6 21.
Bxd6 Rfe8 22. Be5 Bb3 23. Re1 Nd5 24. e4 Ne7 25. Bc7 b5 26. Re3 Bc4 27. Bd6 e5
28. Rec3 Be6 29. Bxe5 Rxc3 30. Bxc3 Bc4 31. Rd1 Nc6 32. f4 1-0

[Event "Titled Tue 1st Jul Early"]
[Site "chess.com INT"]
[Date "2025.07.01"]
[Round "11"]
[White "Dilmukhametov, Artur"]
[Black "Khazan, Yevgeny"]
[Result "0-1"]
[WhiteTitle "FM"]
[BlackTitle "CM"]
[WhiteElo "2276"]
[BlackElo "2135"]
[WhiteFideId "24179922"]
[BlackFideId "2806193"]
[EventDate "2025.07.01"]

1. e4 c5 2. c3 Nf6 3. e5 Nd5 4. d4 cxd4 5. cxd4 d6 6. f4 Nc6 7. Nf3 g6 8. Bb5
Qa5+ 9. Nc3 Nxc3 10. Bxc6+ bxc6 11. bxc3 Qxc3+ 12. Bd2 Qd3 13. Qa4 Bd7 14. Qb4
Bg7 15. Qb7 Rd8 16. Rc1 O-O 17. Rc3 Qe4+ 18. Re3 Qxf4 19. O-O dxe5 20. dxe5 Bc8
21. Qxc6 Rxd2 22. Re4 Qh6 23. Nxd2 Qxd2 24. Qc4 Be6 25. Qd4 Qxd4+ 26. Rxd4 Bxe5
27. Re4 Bd6 28. Rd1 Bxa2 29. Ra4 Bb3 30. Rda1 Bxa4 31. Rxa4 Kg7 32. Rxa7 Bc5+
33. Kf1 Bxa7 34. Ke1 e5 35. Ke2 e4 36. Kd2 f5 37. Kc3 f4 38. Kd2 f3 39. gxf3
exf3 40. Ke1 f2+ 41. Kf1 Re8 42. h4 Re1+ 43. Kg2 f1=Q+ 44. Kg3 Bb8+ 45. Kg4 Qf4+
46. Kh3 Qg3# 0-1

[Event "Titled Tue 1st Jul Early"]
[Site "chess.com INT"]
[Date "2025.07.01"]
[Round "11"]
[White "Hernandez Samayoa, Dilan Alexander"]
[Black "Zeliantsova, Kseniya"]
[Result "0-1"]
[WhiteTitle "CM"]
[BlackTitle "WFM"]
[WhiteElo "2006"]
[BlackElo "2062"]
[WhiteFideId "7306679"]
[BlackFideId "13512617"]
[EventDate "2025.07.01"]

1. e4 d6 2. d4 Nf6 3. Nc3 g6 4. f4 Bg7 5. Bd3 O-O 6. Nf3 Nc6 7. e5 dxe5 8. fxe5
Nh5 9. Ne2 Bg4 10. Be3 f6 11. exf6 exf6 12. O-O Re8 13. Bc4+ Kh8 14. Qd3 Nb4 15.
Qb3 Nxc2 16. Qxc2 Rxe3 17. Qd2 Qe7 18. Rae1 Bxf3 19. Rxf3 Rxf3 20. gxf3 Re8 21.
Rf1 f5 22. Qa5 a6 23. Kg2 b5 24. Bd3 Qd6 25. Rc1 Re7 26. Qc3 Bf6 0-1

[Event "Titled Tue 1st Jul Early"]
[Site "chess.com INT"]
[Date "2025.07.01"]
[Round "11"]
[White "Nepomniachtchi, Ian"]
[Black "Ashraf, Artin"]
[Result "1-0"]
[WhiteTitle "GM"]
[BlackTitle "FM"]
[WhiteElo "2742"]
[BlackElo "2428"]
[WhiteFideId "4168119"]
[BlackFideId "22514805"]
[EventDate "2025.07.01"]

1. e4 e6 2. d4 d5 3. Nc3 Bb4 4. e5 c5 5. a3 Bxc3+ 6. bxc3 Qa5 7. Bd2 Qa4 8. Qg4
Ne7 9. Qxg7 Rg8 10. Qxh7 cxd4 11. Nf3 Nbc6 12. Qd3 dxc3 13. Bxc3 b6 14. h4 Rg4
15. h5 Bb7 16. h6 O-O-O 17. h7 Ng6 18. O-O-O Qxa3+ 19. Bb2 Qc5 20. Qe3 d4 21.
Qa3 Nb4 22. Rd2 Be4 23. c3 a5 24. Nxd4 Bd5 25. f3 Rg5 26. Kb1 Rxe5 27. Be2 Rxe2
28. cxb4 axb4 29. Qa6+ Bb7 30. Qxe2 1-0

[Event "Titled Tue 1st Jul Early"]
[Site "chess.com INT"]
[Date "2025.07.01"]
[Round "11"]
[White "Gabrielian, Artur"]
[Black "Ismagilov, Damir"]
[Result "1-0"]
[WhiteTitle "GM"]
[BlackTitle "CM"]
[WhiteElo "2407"]
[BlackElo "2173"]
[WhiteFideId "4131002"]
[BlackFideId "34199982"]
[EventDate "2025.07.01"]

1. Nf3 Nf6 2. g3 b6 3. Bg2 Bb7 4. d3 g6 5. e4 d6 6. O-O Bg7 7. Nh4 Qc8 8. f4 O-O
9. f5 c5 10. Nc3 Nc6 11. Bg5 e6 12. Qd2 Nd4 13. Rae1 exf5 14. exf5 Bxg2 15. Qxg2
Qd7 16. fxg6 fxg6 17. Bxf6 Bxf6 18. Rxf6 Rxf6 19. Qxa8+ Rf8 20. Qd5+ Kg7 21. Rf1
Rxf1+ 22. Kxf1 Nxc2 23. Kg1 Qe7 24. Qe4 Qf6 25. Nf3 Nb4 26. a3 d5 27. Nxd5 Nxd5
28. Qxd5 Qxb2 29. Qe5+ Qxe5 30. Nxe5 Kf6 31. Nf3 Ke6 32. Kf2 Kd5 33. Ke3 b5 34.
Ng5 h6 35. Ne4 a5 36. h4 b4 37. a4 c4 38. Nd2 cxd3 39. Kxd3 Kc5 40. Nb3+ Kb6 41.
Kc4 g5 42. hxg5 hxg5 43. g4 Ka6 44. Kc5 1-0

[Event "Titled Tue 1st Jul Early"]
[Site "chess.com INT"]
[Date "2025.07.01"]
[Round "11"]
[White "Jaiswal, Rupesh"]
[Black "Vifleemskaia, Svetlana"]
[Result "1-0"]
[WhiteTitle "FM"]
[BlackTitle "WFM"]
[WhiteElo "2064"]
[BlackElo "1942"]
[WhiteFideId "12300870"]
[BlackFideId "4129490"]
[EventDate "2025.07.01"]

1. d4 Nf6 2. Bf4 d5 3. e3 c5 4. c3 Qb6 5. Qb3 c4 6. Qc2 g6 7. Nd2 Bf5 8. Qc1 Nc6
9. b3 Na5 10. bxc4 dxc4 11. f3 Rc8 12. e4 Bd7 13. Rb1 Qc6 14. d5 Qa4 15. Qb2 Nh5
16. Be5 f6 17. Bd4 b6 18. Ne2 e6 19. g4 e5 20. gxh5 Ba3 21. Qa1 exd4 22. Nxd4
O-O 23. Be2 Bh3 24. Rb5 Bc5 25. Bd1 Qa3 26. Nc2 1-0

[Event "Titled Tue 1st Jul Early"]
[Site "chess.com INT"]
[Date "2025.07.01"]
[Round "11"]
[White "Levitan, Judah Nathan"]
[Black "Boramanikar, Tanisha S"]
[Result "1-0"]
[WhiteTitle "CM"]
[BlackTitle "WCM"]
[WhiteElo "2266"]
[BlackElo "1743"]
[WhiteFideId "14332639"]
[BlackFideId "35023454"]
[EventDate "2025.07.01"]

1. e4 c5 2. Nf3 Nc6 3. Bb5 d6 4. c3 Bd7 5. O-O g6 6. Re1 Bg7 7. d4 cxd4 8. cxd4
Nf6 9. Nc3 O-O 10. Bf4 a6 11. Bf1 Re8 12. Qd2 Nh5 13. Bh6 Bg4 14. Bxg7 Kxg7 15.
Be2 Rc8 16. Qg5 Bxf3 17. Bxf3 Nf6 18. e5 Ng8 19. Rad1 h6 20. Qg3 dxe5 21. dxe5
Qb6 22. Nd5 Qxb2 23. Nf4 Kh7 24. e6 Qg7 25. exf7 Qxf7 26. Nxg6 Nf6 27. Nf4 Rg8
28. Qh3 e5 29. Qf5+ Kh8 30. Nh5 Rcf8 31. Nxf6 Qxf6 32. Qxf6+ Rxf6 33. Bxc6 Rxc6
34. Rxe5 Rc2 35. Re7 Rgc8 36. g3 Rc1 37. Rxc1 Rxc1+ 38. Kg2 b5 39. Ra7 Rc6 40.
Kf3 Rd6 41. Kg4 Rf6 42. f4 Kg8 43. Kh5 Rc6 44. h4 b4 45. g4 Rc5+ 46. g5 hxg5 47.
hxg5 Rc6 48. g6 Rc5+ 49. Kh6 Kf8 50. g7+ Kg8 51. Ra8+ Kf7 52. g8=Q+ 1-0

[Event "Titled Tue 1st Jul Early"]
[Site "chess.com INT"]
[Date "2025.07.01"]
[Round "11"]
[White "Sabatier, Mathis"]
[Black "Nazin, Roman"]
[Result "0-1"]
[WhiteTitle "CM"]
[BlackTitle "CM"]
[WhiteElo "2235"]
[BlackElo "2250"]
[WhiteFideId "26029685"]
[BlackFideId "4137167"]
[EventDate "2025.07.01"]

1. d4 c5 2. d5 e5 3. c4 d6 4. Nc3 a6 5. e4 Be7 6. Nge2 Bg5 7. Ng3 Bxc1 8. Qxc1
Ne7 9. h4 h6 10. Be2 Ng6 11. Nh5 O-O 12. f4 exf4 13. Nxf4 Qf6 14. O-O Qd4+ 15.
Kh1 Nxh4 16. g3 Ng6 17. Nxg6 fxg6 18. Rxf8+ Kxf8 19. Qf4+ Qf6 20. Qe3 Kg8 21.
Rf1 Qe7 22. Bd3 Nd7 23. Ne2 Ne5 24. Nf4 Bd7 25. a3 Rf8 26. b4 g5 27. Ng2 Ng4 28.
Rxf8+ Qxf8 29. Qe2 Qf2 30. bxc5 Qxg3 31. Ne1 Nf2+ 0-1

[Event "Titled Tue 1st Jul Early"]
[Site "chess.com INT"]
[Date "2025.07.01"]
[Round "11"]
[White "Nifdaliyev, Jahangir"]
[Black "Leinov, Roman"]
[Result "1-0"]
[WhiteTitle "FM"]
[BlackTitle "CM"]
[WhiteElo "2312"]
[BlackElo "2120"]
[WhiteFideId "13407740"]
[BlackFideId "13504649"]
[EventDate "2025.07.01"]

1. Nf3 Nf6 2. g3 b5 3. Bg2 Bb7 4. O-O e6 5. d4 c5 6. dxc5 Bxc5 7. c4 bxc4 8. Qa4
Nc6 9. Qxc4 Qb6 10. Nc3 d5 11. Qh4 Be7 12. Be3 Qd8 13. Qa4 O-O 14. Rfd1 Qa5 15.
Rac1 Rfc8 16. Qf4 Ba6 17. h4 Rab8 18. b3 Ba3 19. Na4 Bxc1 20. Rxc1 Bxe2 21. Rxc6
Ne4 22. Ne5 Qe1+ 23. Kh2 Rf8 24. Rc7 f6 25. Nd7 e5 26. Qf5 Rf7 27. Qe6 Nxf2 28.
Nxf6+ gxf6 29. Qxf7+ 1-0

[Event "Titled Tue 1st Jul Early"]
[Site "chess.com INT"]
[Date "2025.07.01"]
[Round "11"]
[White "Subramanian, Anusha"]
[Black "Calvo Gonzalez, Jose Felix"]
[Result "0-1"]
[WhiteTitle "WFM"]
[BlackTitle "CM"]
[WhiteElo "2045"]
[BlackElo "2214"]
[WhiteFideId "477710"]
[BlackFideId "54505615"]
[EventDate "2025.07.01"]

1. Nf3 d6 2. d4 e6 3. e4 Ne7 4. c4 Nd7 5. Nc3 h6 6. Be3 a6 7. Bd3 c5 8. d5 e5 9.
h3 g5 10. h4 g4 11. Nd2 h5 12. f4 exf4 13. Bxf4 Ng6 14. Bg5 Be7 15. Bxe7 Qxe7
16. g3 Nde5 17. Qe2 f5 18. O-O-O f4 19. Bc2 f3 20. Qe3 b5 21. cxb5 axb5 22. Nxb5
Rxa2 23. Na3 O-O 24. Kb1 Rxa3 25. Qxa3 Bb7 26. Qc3 Ba6 27. Qa5 Qb7 28. Nb3 Rb8
29. Qd2 Bc4 30. Qh6 Bxb3 31. Bxb3 Qxb3 32. Rd2 Qb4 33. Rf2 Qxe4+ 34. Kc1 Nd3+
35. Kd2 Nxf2 36. Re1 Rxb2+ 37. Kc3 Qd4# 0-1

[Event "Titled Tue 1st Jul Early"]
[Site "chess.com INT"]
[Date "2025.07.01"]
[Round "11"]
[White "Vihaan Dumir"]
[Black "Arenas, David"]
[Result "0-1"]
[WhiteTitle "CM"]
[BlackTitle "GM"]
[WhiteElo "2143"]
[BlackElo "2335"]
[WhiteFideId "25901010"]
[BlackFideId "4403177"]
[EventDate "2025.07.01"]

1. d4 Nf6 2. Bg5 e6 3. e4 h6 4. Bxf6 Qxf6 5. Nc3 d6 6. Qd2 e5 7. dxe5 dxe5 8.
O-O-O c6 9. Nf3 Be7 10. Kb1 O-O 11. h4 Be6 12. Be2 b5 13. Rdg1 Bc5 14. g4 Qf4
15. Qe1 Bxg4 16. Rg3 Nd7 17. Rhg1 Nf6 18. Nh2 Bxf2 19. Qd1 Bxg3 20. Nxg4 Nxg4
21. Bxg4 Rad8 22. Qe2 Rd2 23. Qf3 Qxf3 24. Bxf3 Bf4 25. Ne2 Be3 26. Rf1 Rfd8 27.
Nc3 b4 28. Nd1 Bf4 29. b3 Rh2 30. h5 Rdd2 0-1

[Event "Titled Tue 1st Jul Early"]
[Site "chess.com INT"]
[Date "2025.07.01"]
[Round "11"]
[White "Lopez Rayo, Santiago"]
[Black "Storey, Charles H"]
[Result "1-0"]
[WhiteTitle "FM"]
[BlackTitle "FM"]
[WhiteElo "2350"]
[BlackElo "2102"]
[WhiteFideId "4455665"]
[BlackFideId "406686"]
[EventDate "2025.07.01"]

1. e4 g6 2. d4 Bg7 3. Nc3 c5 4. Be3 Qa5 5. Nf3 Nf6 6. Qd2 Ng4 7. Nd5 Qxd2+ 8.
Bxd2 Kd8 9. dxc5 Nc6 10. Rb1 Nd4 11. c3 Ne6 12. b4 b6 13. cxb6 Bb7 14. bxa7 Rxa7
15. Bc4 Ra3 16. Bb3 Nc7 17. O-O e6 18. Nxc7 Kxc7 19. Rfe1 Rc8 20. c4 Kd8 21. b5
Bf8 22. h3 Nf6 23. Bg5 Be7 24. Nd2 Nh5 25. Bxe7+ Kxe7 26. g3 e5 27. Rbc1 d6 28.
Nb1 Ra7 29. Nc3 Ng7 30. Nd5+ Bxd5 31. cxd5 Rac7 32. Rc6 Ne8 33. Rec1 Kd7 34. b6
Rxc6 35. dxc6+ Ke7 36. b7 Rb8 37. c7 1-0

[Event "Titled Tue 1st Jul Early"]
[Site "chess.com INT"]
[Date "2025.07.01"]
[Round "11"]
[White "Ivannikov, Maksim"]
[Black "Goltsev, Dmitry"]
[Result "0-1"]
[WhiteTitle "CM"]
[BlackTitle "FM"]
[WhiteElo "2184"]
[BlackElo "2182"]
[WhiteFideId "34275339"]
[BlackFideId "24176710"]
[EventDate "2025.07.01"]

1. e4 e6 2. d4 d5 3. exd5 exd5 4. Nf3 Nf6 5. Bd3 c5 6. dxc5 Bxc5 7. O-O O-O 8.
Re1 Nc6 9. Nc3 Bg4 10. h3 Bh5 11. Bg5 h6 12. Bxf6 Qxf6 13. Nxd5 Qxb2 14. Nf4
Bxf3 15. Qxf3 Rfe8 16. Nd5 Nd4 17. Qg4 Nxc2 18. Bxc2 Rxe1+ 19. Rxe1 Qxc2 20. Qg3
Qxa2 21. Nf6+ Kh8 22. Ne8 Bd4 23. Nd6 Rf8 24. Nxb7 Qd2 25. Rb1 a5 26. Qf3 a4 27.
Rd1 Bxf2+ 28. Kf1 Qc2 29. Nd6 Bc5 30. Ne4 a3 31. Qe2 Qxe2+ 32. Kxe2 Be7 33. Ra1
Rb8 34. Kd3 Rb2 35. g3 f5 36. Nd2 Bb4 37. Nc4 Rb3+ 38. Kd4 Bc3+ 0-1

[Event "Titled Tue 1st Jul Early"]
[Site "chess.com INT"]
[Date "2025.07.01"]
[Round "11"]
[White "Slovineanu, Viacheslav"]
[Black "Ivashentseva, Dominika"]
[Result "1-0"]
[WhiteTitle "IM"]
[BlackTitle "WCM"]
[WhiteElo "2412"]
[BlackElo "1970"]
[WhiteFideId "13900510"]
[BlackFideId "34331050"]
[EventDate "2025.07.01"]

1. d4 d5 2. Nf3 Nf6 3. c4 e6 4. e3 Be7 5. b3 O-O 6. Bd3 c5 7. O-O cxd4 8. exd4
dxc4 9. bxc4 Nc6 10. Bb2 b6 11. Nbd2 Bb7 12. Qe2 Nb4 13. Bb1 Rc8 14. a3 Nc6 15.
Rd1 Na5 16. Ne5 Nd7 17. Ndf3 Nxe5 18. Nxe5 f6 19. Qh5 f5 20. d5 Nxc4 21. dxe6
Qe8 22. Qxe8 Rfxe8 23. Nxc4 Rxc4 24. Bxf5 g6 25. Bh3 Rc2 26. Bd4 Rd8 27. a4 Rc4
28. Be3 Rxd1+ 29. Rxd1 Rxa4 30. g3 Bf3 31. Rc1 Bc5 32. Bxc5 bxc5 33. Bf1 Re4 34.
Rc3 Bg4 35. f3 Bxf3 36. Rxf3 Rxe6 37. Bc4 1-0

[Event "Titled Tue 1st Jul Early"]
[Site "chess.com INT"]
[Date "2025.07.01"]
[Round "11"]
[White "Terry, Renato"]
[Black "Paravyan, David"]
[Result "0-1"]
[WhiteTitle "IM"]
[BlackTitle "GM"]
[WhiteElo "2508"]
[BlackElo "2589"]
[WhiteFideId "3803457"]
[BlackFideId "4194985"]
[EventDate "2025.07.01"]

1. Nf3 d5 2. b3 Nf6 3. Bb2 e6 4. g3 Be7 5. Bg2 O-O 6. O-O c5 7. e3 b5 8. Ne5 Bb7
9. c4 bxc4 10. bxc4 Nc6 11. Nxc6 Bxc6 12. Nc3 Rb8 13. Rb1 Qd7 14. cxd5 exd5 15.
Ne2 d4 16. Bxc6 Qxc6 17. exd4 Ne4 18. Nf4 cxd4 19. h4 Bd6 20. Nh5 g6 21. d3 Nc3
22. Nf6+ Kg7 23. Qg4 Kxf6 24. Qxd4+ Be5 25. Qe3 Qd6 26. d4 Qxd4 27. Bxc3 Qxc3
28. Qxa7 Kg7 29. Rbd1 0-1